000
00294nam a22001337a 4500
008
170727b xxu||||| |||| 00| 0 eng d
020
_a
3540545646
041
_a
eng
080
_a
004
100
_a
31
101
_a
SHK
245
_a
NONMONOTONIC AND INDUCTIVE LOGIC
_c
DIX,J
942
_2
udc
_c
BK
999
_c
22055
_d
22055